[Event "II Weekend INPS"]
[Site "Roma ITA"]
[Date "1997.??.??"]
[Round "7"]
[White "Spaziani, Gianni"]
[Black "Satta, Vladimiro"]
[Result "0-1"]
[WhiteElo "1761"]
[BlackElo "2230"]
[PlyCount "78"]
[EventDate "1997.??.??"]

1. d4 Nf6 2. c4 e6 3. Nc3 Bb4 4. Qc2 O-O 5. Nf3 b6 6. Bg5 Bb7 7. e3 c5 8. Bd3
h6 9. Bh4 cxd4 10. exd4 d5 11. O-O-O dxc4 12. Bxc4 Qc7 13. Bd3 Bxf3 14. Bxf6
Bxd1 15. Rxd1 gxf6 16. Be4 Nc6 17. Qd2 Kg7 18. Qe3 Bxc3 19. bxc3 Rac8 20. Kb2
Na5 21. Bd3 Qxh2 22. Qf3 f5 23. g3 Qh3 24. Rh1 Qg4 25. Qe3 Qg5 26. f4 Qf6 27.
Qe2 Rg8 28. g4 fxg4 29. Rf1 Nc6 30. f5 e5 31. d5 Nb8 32. Be4 h5 33. Qh2 h4 34.
Rg1 g3 35. Qh3 Nd7 36. Qg4+ Kf8 37. Qh5 Nc5 38. Bc2 e4 39. Rc1 g2 0-1

[Event "II Weekend INPS"]
[Site "Roma ITA"]
[Date "1997.??.??"]
[Round "7"]
[White "Sposito, Paolo"]
[Black "Dentale, Enrico"]
[Result "0-1"]
[WhiteElo "1459"]
[BlackElo "1600"]
[PlyCount "84"]
[EventDate "1997.??.??"]

1. d4 d5 2. c4 c6 3. cxd5 cxd5 4. Nc3 Nc6 5. Bf4 e6 6. e3 Nf6 7. Nf3 Bd6 8. Bg3
a6 9. Rc1 Qe7 10. Ne5 Bxe5 11. Bxe5 Nxe5 12. dxe5 Nd7 13. f4 O-O 14. Bd3 f5 15.
O-O b5 16. Qh5 g6 17. Qh6 Nc5 18. Bb1 Bb7 19. Ne2 Rac8 20. Nd4 Na4 21. b3 Nc3
22. Qh3 Rc7 23. g4 Bc8 24. gxf5 exf5 25. Qg2 Be6 26. Qb2 Rfc8 27. Rc2 Kg7 28.
Rfc1 b4 29. Nf3 Qc5 30. Nd4 h6 31. Kg2 Qe7 32. Ne2 Nxe2 33. Rxc7 Nxf4+ 34. exf4
Rxc7 35. Rxc7 Qxc7 36. Qd4 a5 37. h4 h5 38. Kf2 Bd7 39. Qxd5 Be6 40. Qd4 Qc1
41. Qa7+ Kg8 42. Qb8+ Kh7 0-1

[Event "II Weekend INPS"]
[Site "Roma ITA"]
[Date "1997.??.??"]
[Round "7"]
[White "Verrascina, Nicola"]
[Black "Pierangeli, Andrea"]
[Result "1-0"]
[WhiteElo "2145"]
[BlackElo "1783"]
[PlyCount "91"]
[EventDate "1997.??.??"]

1. e4 e6 2. d3 d5 3. Nd2 dxe4 4. dxe4 Nc6 5. Ngf3 Bc5 6. Bb5 Nge7 7. O-O O-O 8.
e5 a6 9. Bd3 Ng6 10. Ne4 Be7 11. Neg5 Ncxe5 12. Nxe5 Bxg5 13. f4 Bf6 14. Qh5
Bxe5 15. fxe5 f5 16. exf6 Rxf6 17. Bg5 Rxf1+ 18. Rxf1 Qd4+ 19. Kh1 Bd7 20. Bxg6
hxg6 21. Qxg6 Rf8 22. Rg1 Qd5 23. Bh6 Rf7 24. h4 Bc6 25. Bc1 Qc4 26. Qg3 Rf1
27. Bh6 Rxg1+ 28. Kxg1 Qd4+ 29. Kh2 Qf6 30. Bf4 Qf5 31. Be5 g6 32. c3 Kf7 33.
Bxc7 Kg7 34. Be5+ Kh6 35. Bd4 Kh5 36. Qb8 Kg4 37. Qg3+ Kh5 38. Be3 e5 39. Bd2
Qf6 40. Kg1 Qf5 41. Qe3 Kg4 42. Qe2+ Kxh4 43. Kh2 Qg4 44. Qe1+ Kh5 45. Qxe5+
Qf5 46. Qh8+ 1-0

[Event "II Weekend INPS"]
[Site "Roma ITA"]
[Date "1997.??.??"]
[Round "8"]
[White "Abuhamdieh, Arafat"]
[Black "Morgia, Fabrizio"]
[Result "0-1"]
[WhiteElo "1294"]
[BlackElo "1600"]
[PlyCount "98"]
[EventDate "1997.??.??"]

1. e4 c5 2. Nf3 d6 3. d4 cxd4 4. Nxd4 Nf6 5. Nc3 a6 6. Be2 e5 7. Nb3 Be6 8. O-O
Be7 9. f4 exf4 10. Bxf4 O-O 11. Nd4 Qb6 12. Kh1 Qxb2 13. Nxe6 fxe6 14. Qd2 Qb6
15. Rab1 Qc7 16. Bf3 e5 17. Be3 Nbd7 18. Nd5 Nxd5 19. Qxd5+ Kh8 20. Rxb7 Qxc2
21. Rxd7 Bf6 22. Rxd6 Qc3 23. Bd2 Qa3 24. Rb1 Rfc8 25. Bb4 Qe3 26. Rc6 Rd8 27.
Qb3 Qf2 28. Bc5 Qd2 29. Rd1 Qg5 30. Rxd8+ Rxd8 31. Be3 Qh4 32. Qb1 h6 33. Rxa6
Rc8 34. g3 Qh3 35. Bg2 Qd7 36. Ra7 Qc6 37. h4 Qc3 38. Qg1 Rd8 39. a4 Qc2 40.
Bf3 Rd3 41. Ra8+ Kh7 42. Bg4 Qc6 43. Bf5+ g6 44. Ra7+ Kg8 45. Bxg6 Qc3 46. Qf2
Rxe3 47. Qxf6 Qe1+ 48. Kg2 Qxg3+ 49. Kf1 Re1# 0-1

[Event "II Weekend INPS"]
[Site "Roma ITA"]
[Date "1997.??.??"]
[Round "8"]
[White "Angelucci, Marco"]
[Black "Spaziani, Gianni"]
[Result "1-0"]
[WhiteElo "1600"]
[BlackElo "1761"]
[PlyCount "87"]
[EventDate "1997.??.??"]

1. e4 e6 2. d3 c5 3. Nf3 d5 4. Nbd2 Nc6 5. g3 g6 6. Bg2 Bg7 7. O-O Nf6 8. Re1
O-O 9. Nh4 Re8 10. e5 Nd7 11. f4 f6 12. exf6 Nxf6 13. Bh3 e5 14. f5 g5 15. Ng2
h5 16. g4 h4 17. Nf3 Nh7 18. c3 Bf6 19. Qb3 Kg7 20. Nd2 b6 21. Ne3 Ba6 22. Bg2
Bxd3 23. Nxd5 Na5 24. Qd1 Rc8 25. Ne4 Bxe4 26. Bxe4 Nc6 27. Be3 Ne7 28. c4 Nxd5
29. cxd5 Qd6 30. h3 Rc7 31. Qc2 c4 32. Rac1 Rec8 33. Qd2 Kh6 34. Qf2 Be7 35.
Qxh4+ Kg7 36. f6+ Nxf6 37. Qxg5+ Kf8 38. Qg6 Ng8 39. Rf1+ Bf6 40. Bh6+ Nxh6 41.
Rxf6+ Qxf6 42. Qxf6+ Nf7 43. Rf1 Re8 44. g5 1-0

[Event "II Weekend INPS"]
[Site "Roma ITA"]
[Date "1997.??.??"]
[Round "8"]
[White "Celletti, Luca"]
[Black "Colangeli, Claudio"]
[Result "0-1"]
[WhiteElo "1600"]
[BlackElo "1651"]
[PlyCount "92"]
[EventDate "1997.??.??"]

1. e4 c6 2. d4 d5 3. Nc3 dxe4 4. Nxe4 Bf5 5. Ng3 Bg6 6. h4 h6 7. Nf3 Nd7 8. h5
Bh7 9. Bd3 Bxd3 10. Qxd3 Qc7 11. Bd2 Ngf6 12. O-O-O e6 13. Qe2 O-O-O 14. Rh4
Bd6 15. Ne4 Nxe4 16. Qxe4 Nf6 17. Qe2 Rhe8 18. Ne5 Kb8 19. g3 Bxe5 20. dxe5 Nd5
21. Rg4 Rg8 22. c4 Ne7 23. Bb4 c5 24. Bc3 Nf5 25. Rf4 Rxd1+ 26. Kxd1 Rd8+ 27.
Kc1 Nd4 28. Bxd4 cxd4 29. Re4 Qc6 30. Qd3 b5 31. b3 bxc4 32. bxc4 Qc5 33. f4 g6
34. g4 a5 35. Qb3+ Kc7 36. Qb5 Qxb5 37. cxb5 a4 38. Kd2 gxh5 39. gxh5 Kb6 40.
Kd3 Kxb5 41. Rxd4 Rxd4+ 42. Kxd4 Kb4 43. a3+ Kxa3 44. Kc3 Ka2 45. Kb4 a3 46.
Kc3 Kb1 0-1

[Event "II Weekend INPS"]
[Site "Roma ITA"]
[Date "1997.??.??"]
[Round "8"]
[White "Dentale, Enrico"]
[Black "Spano' Cuomo, Gaetano"]
[Result "0-1"]
[WhiteElo "1600"]
[BlackElo "1641"]
[PlyCount "86"]
[EventDate "1997.??.??"]

1. d4 f5 2. Nc3 Nf6 3. Bg5 d5 4. Nf3 e6 5. a3 Be7 6. e3 O-O 7. Be2 b6 8. Ne5
Bb7 9. f4 Nbd7 10. h4 Nxe5 11. dxe5 Ne4 12. Nxe4 fxe4 13. g4 h6 14. Bxe7 Qxe7
15. Qd2 c5 16. O-O-O a5 17. g5 Bc6 18. gxh6 gxh6 19. Bh5 Kh7 20. Rdg1 Rg8 21.
Qf2 b5 22. Rxg8 Rxg8 23. Rg1 Rxg1+ 24. Qxg1 Be8 25. Bxe8 Qxe8 26. Kd2 Qg6 27.
Qxg6+ Kxg6 28. c3 a4 29. Ke2 Kf5 30. Kf2 Kg4 31. Ke2 h5 32. Kf2 d4 33. cxd4
cxd4 34. Ke2 dxe3 35. Kxe3 Kf5 36. Ke2 Kxf4 37. Kf2 e3+ 38. Ke2 Ke4 39. Ke1 Kd3
40. Kd1 e2+ 41. Ke1 Ke3 42. b4 axb3 43. a4 b2 0-1

[Event "II Weekend INPS"]
[Site "Roma ITA"]
[Date "1997.??.??"]
[Round "8"]
[White "Farina, Saverio"]
[Black "Scacco, Mauro"]
[Result "1-0"]
[WhiteElo "2195"]
[BlackElo "2045"]
[PlyCount "114"]
[EventDate "1997.??.??"]

1. d4 Nf6 2. c4 g6 3. Nc3 Bg7 4. e3 O-O 5. Nf3 c5 6. Be2 cxd4 7. exd4 d5 8. O-O
dxc4 9. Bxc4 Bg4 10. Be3 Nc6 11. h3 Bxf3 12. Qxf3 Qa5 13. a3 a6 14. Ba2 Rac8
15. Rfd1 Qf5 16. Qxf5 gxf5 17. Rac1 Rfd8 18. d5 Ne5 19. Ne2 Ne4 20. Bb6 Re8 21.
Nd4 Rxc1 22. Rxc1 Nd7 23. Ba7 Nd6 24. Rc7 Rd8 25. a4 Be5 26. Nf3 Bxb2 27. Be3
b5 28. Bb3 Ba3 29. Nd4 Nc5 30. Nc6 Nxb3 31. Nxd8 bxa4 32. Nc6 f4 33. Nxe7+ Kg7
34. Bxf4 Kf6 35. g4 Nb5 36. g5+ Kg7 37. Be5+ Kf8 38. d6 Bxd6 39. Bxd6 Nxc7 40.
Nd5+ Ke8 41. Bxc7 a3 42. Nb4 Kd7 43. Be5 a5 44. Na2 Ke6 45. f4 Kd5 46. Kf2 Kc4
47. Ke3 Nc5 48. Nc1 Ne6 49. h4 a4 50. f5 Nc5 51. h5 Nb3 52. Na2 Nc5 53. g6 fxg6
54. hxg6 hxg6 55. fxg6 Ne6 56. Kd2 Kb3 57. Nc1+ Kc4 1-0

[Event "II Weekend INPS"]
[Site "Roma ITA"]
[Date "1997.??.??"]
[Round "8"]
[White "Ferri, Stefano"]
[Black "Barletta, Antonio"]
[Result "1-0"]
[WhiteElo "1901"]
[BlackElo "1935"]
[PlyCount "88"]
[EventDate "1997.??.??"]

1. d4 Nf6 2. c4 c5 3. d5 b5 4. cxb5 e6 5. Nc3 Bb7 6. e4 exd5 7. exd5 d6 8. Bc4
Be7 9. Nf3 O-O 10. O-O Nbd7 11. Re1 Nb6 12. b3 Nxc4 13. bxc4 a6 14. Bd2 axb5
15. Nxb5 Nd7 16. Bf4 Ra6 17. Qc2 Nf6 18. h3 Ne8 19. Re2 Nc7 20. Rae1 Bf6 21. a4
Nxb5 22. axb5 Ra3 23. Re3 Rxe3 24. Rxe3 Qd7 25. Qe2 g6 26. Bh6 Ra8 27. Nd2 Be5
28. g4 f5 29. Kg2 fxg4 30. hxg4 Ra2 31. f4 Bg7 32. Bxg7 Rxd2 33. Qxd2 Kxg7 34.
Qb2+ Kf7 35. Re6 Qxe6 36. Kf3 Qf6 37. Qe2 h5 38. Kg3 Bc8 39. gxh5 Qf5 40. hxg6+
Qxg6+ 41. Kf2 Qh6 42. Qf3 Qh4+ 43. Ke3 Bf5 44. b6 Qe1+ 1-0

[Event "II Weekend INPS"]
[Site "Roma ITA"]
[Date "1997.??.??"]
[Round "8"]
[White "Luzi, Alessandro"]
[Black "Maddaloni, Giovanni"]
[Result "1/2-1/2"]
[WhiteElo "1540"]
[BlackElo "1571"]
[PlyCount "73"]
[EventDate "1997.??.??"]

1. e4 d5 2. exd5 Qxd5 3. Nc3 Qa5 4. d4 Nf6 5. Nf3 Bg4 6. Be2 e6 7. O-O Be7 8.
Ne5 Bxe2 9. Nxe2 c6 10. c3 O-O 11. Nf4 Na6 12. Nh5 Rad8 13. Qf3 Qd5 14. Nxf6+
Bxf6 15. Qxd5 Rxd5 16. Ng4 Rfd8 17. Nxf6+ gxf6 18. Be3 c5 19. c4 R5d7 20. dxc5
Nb4 21. a3 Nc2 22. Rac1 Nxe3 23. fxe3 Rd2 24. Rxf6 Rxb2 25. Rf2 Rb3 26. Rff1
Rxa3 27. Rfd1 Rad3 28. Rxd3 Rxd3 29. Ra1 a6 30. Rb1 Rd7 31. c6 bxc6 32. Rb6 Ra7
33. Rxc6 a5 34. Rc8+ Kg7 35. Rd8 a4 36. Rd1 a3 37. Ra1 1/2-1/2

[Event "II Weekend INPS"]
[Site "Roma ITA"]
[Date "1997.??.??"]
[Round "8"]
[White "Manzanilla, Rufino"]
[Black "Mogranzini, Roberto"]
[Result "0-1"]
[WhiteElo "1600"]
[BlackElo "1834"]
[PlyCount "86"]
[EventDate "1997.??.??"]

1. Nf3 Nf6 2. d4 g6 3. c4 Bg7 4. Nc3 O-O 5. e4 d6 6. Be2 e5 7. d5 a5 8. O-O
Nbd7 9. Ne1 Nc5 10. f3 Nh5 11. Be3 b6 12. a3 Nf4 13. Nd3 Qg5 14. Bxf4 exf4 15.
Nf2 Re8 16. Qc2 h5 17. Rad1 a4 18. Rfe1 Nb3 19. Bf1 Nd4 20. Qd3 Re7 21. Ne2 Nb3
22. Qc2 Bd7 23. Kh1 Qh4 24. Nd3 g5 25. Ndc1 Nc5 26. Ng1 g4 27. Re2 Rb8 28. b4
axb3 29. Nxb3 Ba4 30. Rb1 Nxb3 31. Rxb3 Bxb3 32. Qxb3 Qf6 33. Rc2 Qa1 34. Qd3
Ra8 35. g3 Rxa3 36. Qe2 Re3 37. Qg2 Re1 38. Ra2 Qb1 39. Ra8+ Kh7 40. gxf4 Rxf1
41. e5 dxe5 42. fxg4 exf4 43. gxh5 Rxg1+ 0-1

[Event "II Weekend INPS"]
[Site "Roma ITA"]
[Date "1997.??.??"]
[Round "8"]
[White "Matano, Arturo"]
[Black "De Blasio, Alessandro"]
[Result "1-0"]
[WhiteElo "1705"]
[BlackElo "1570"]
[PlyCount "49"]
[EventDate "1997.??.??"]

1. d4 d5 2. c4 e6 3. Nc3 Nf6 4. Nf3 Be7 5. Bf4 O-O 6. e3 Nh5 7. Bg3 Nxg3 8.
hxg3 c6 9. Qc2 g6 10. Bd3 Re8 11. Ne5 f5 12. O-O-O dxc4 13. Bxc4 b5 14. Bb3 a5
15. a4 b4 16. Ne2 Bf6 17. g4 Bxe5 18. dxe5 Qe7 19. gxf5 gxf5 20. Qxf5 Rf8 21.
Qg4+ Kh8 22. Nf4 Rg8 23. Ng6+ Rxg6 24. Qxg6 Ra7 25. Qf6+ 1-0

[Event "II Weekend INPS"]
[Site "Roma ITA"]
[Date "1997.??.??"]
[Round "8"]
[White "Mazziotto, Nicola"]
[Black "Iacoacci, Giancarlo"]
[Result "1-0"]
[WhiteElo "1570"]
[BlackElo "1600"]
[PlyCount "117"]
[EventDate "1997.??.??"]

1. e4 c5 2. c3 d6 3. d4 Nf6 4. Bd3 cxd4 5. cxd4 e6 6. Nc3 Be7 7. Nf3 a6 8. a4
O-O 9. O-O Nc6 10. Re1 e5 11. Bc4 Qc7 12. a5 Nd8 13. Qb3 Be6 14. Nd5 Nxd5 15.
exd5 Bg4 16. dxe5 Bxf3 17. gxf3 dxe5 18. Bd2 Bd6 19. Re4 Kh8 20. Rg4 f5 21. Rg2
f4 22. Bd3 Qd7 23. Kh1 Nf7 24. Rag1 Rg8 25. Bxh7 Kxh7 26. Qd3+ Kh8 27. Qg6 Nh6
28. Rg5 Rad8 29. Rh5 Bc5 30. Rxh6+ gxh6 31. Qxh6+ Qh7 32. Qf6+ Rg7 33. Qxd8+
Qg8 34. Qh4+ Qh7 35. Qd8+ Qg8 36. Qxg8+ Kxg8 37. Rxg7+ Kxg7 38. Kg2 Bf8 39. Kh3
Kg6 40. Kg4 Bc5 41. h4 b5 42. axb6 Bxb6 43. Bc3 Kf6 44. h5 Bc7 45. h6 Kg6 46.
h7 Kxh7 47. Kf5 Kg8 48. Bxe5 Bb6 49. Kxf4 Bxf2 50. Kf5 Kf7 51. Ke4 Be1 52. Kd4
Ke7 53. f4 a5 54. b3 Bb4 55. Kc4 Ba3 56. Kb5 Bb4 57. Kc6 Kd8 58. Bc7+ Kc8 59.
d6 1-0

[Event "II Weekend INPS"]
[Site "Roma ITA"]
[Date "1997.??.??"]
[Round "8"]
[White "Passerotti, Pierluigi"]
[Black "Monteleone, Antonio"]
[Result "1-0"]
[WhiteElo "2310"]
[BlackElo "2190"]
[PlyCount "47"]
[EventDate "1997.??.??"]

1. d4 d5 2. Nf3 Nf6 3. e3 e6 4. Bd3 Be7 5. O-O O-O 6. b3 c5 7. Bb2 b6 8. Ne5
Bb7 9. Nd2 Nbd7 10. f4 Ne4 11. Nxe4 dxe4 12. Bc4 Nxe5 13. fxe5 Qd7 14. Qe2 Bd5
15. Bb5 Qc7 16. a4 Rad8 17. Rf2 f6 18. exf6 Bxf6 19. Raf1 cxd4 20. exd4 e5 21.
dxe5 Bxe5 22. Rxf8+ Rxf8 23. Rxf8+ Kxf8 24. Qh5 1-0

[Event "II Weekend INPS"]
[Site "Roma ITA"]
[Date "1997.??.??"]
[Round "8"]
[White "Pezzaldi, Roberto"]
[Black "Simeoni, Matteo"]
[Result "1-0"]
[WhiteElo "2095"]
[BlackElo "1830"]
[PlyCount "125"]
[EventDate "1997.??.??"]

1. c4 c5 2. Nc3 Nc6 3. g3 g6 4. Bg2 Bg7 5. Nf3 d6 6. O-O Be6 7. b3 h6 8. Rb1
Qd7 9. Bb2 Nf6 10. a3 O-O 11. Re1 Rab8 12. e3 a6 13. d4 cxd4 14. exd4 d5 15.
Ne5 Qd8 16. Nxg6 Bg4 17. f3 fxg6 18. fxg4 dxc4 19. bxc4 Nxd4 20. Nd5 e5 21.
Rxe5 Nc6 22. Re6 Nxd5 23. Bxg7 Kxg7 24. cxd5 Qd7 25. Qc2 Ne7 26. Qe4 Rf7 27. d6
Ng8 28. Qxg6+ Kh8 29. Qe4 b5 30. Qe5+ Rg7 31. Re1 b4 32. axb4 Rxb4 33. Rg6 Rxg4
34. Rxg4 Qxg4 35. Bc6 Kh7 36. Be4+ Kh8 37. Bf5 Qb4 38. d7 Qb6+ 39. Qe3 Qd6 40.
Qe5 Qb6+ 41. Kg2 Nf6 42. Rc1 Qb7+ 43. Kh3 Nxd7 44. Qe8+ Rg8 45. Qxd7 Qxd7 46.
Bxd7 Kg7 47. Rc8 Rxc8 48. Bxc8 a5 49. Be6 Kf6 50. Ba2 Kg5 51. Kg2 a4 52. h3 h5
53. Kf3 a3 54. Bb1 Kf6 55. Kf4 h4 56. g4 Kg7 57. Kg5 Kf7 58. Kxh4 Kg7 59. Kg5
Kh8 60. Kf6 Kg8 61. g5 Kh8 62. Ba2 Kh7 63. g6+ 1-0

[Event "II Weekend INPS"]
[Site "Roma ITA"]
[Date "1997.??.??"]
[Round "8"]
[White "Piccioni, Marco"]
[Black "Marta, Daniele"]
[Result "0-1"]
[WhiteElo "1651"]
[BlackElo "1816"]
[PlyCount "54"]
[EventDate "1997.??.??"]

1. e4 e6 2. d4 d5 3. Nc3 Bb4 4. Nge2 Nf6 5. Bg5 dxe4 6. a3 Be7 7. Ng3 O-O 8.
Ncxe4 Nxe4 9. Bxe7 Qxe7 10. Nxe4 e5 11. d5 Bf5 12. Qf3 Bg6 13. O-O-O Nd7 14. h4
h6 15. g4 Nc5 16. Nxc5 Qxc5 17. Bd3 Rae8 18. Be4 Bxe4 19. Qxe4 Qxf2 20. Rdf1
Qd4 21. Qf5 Qxd5 22. Kb1 Qe6 23. Qe4 c6 24. h5 f6 25. Rh2 Rd8 26. c3 Qd5 27.
Qb4 Qd3+ 0-1

[Event "II Weekend INPS"]
[Site "Roma ITA"]
[Date "1997.??.??"]
[Round "8"]
[White "Pierangeli, Andrea"]
[Black "Di Lascio, Savino"]
[Result "0-1"]
[WhiteElo "1783"]
[BlackElo "1708"]
[PlyCount "86"]
[EventDate "1997.??.??"]

1. e4 c6 2. g3 d5 3. e5 Bf5 4. Bg2 Nd7 5. d4 e6 6. Ne2 c5 7. c3 Rc8 8. Be3 cxd4
9. Nxd4 Bxb1 10. Rxb1 Nxe5 11. O-O Ne7 12. Qh5 N7g6 13. f4 Nc4 14. Rfe1 Nxe3
15. Rxe3 Be7 16. f5 exf5 17. Qxf5 O-O 18. Qxd5 Qxd5 19. Bxd5 Rc7 20. Kg2 Bc5
21. Re4 Rd8 22. Bb3 Bxd4 23. cxd4 Rcd7 24. d5 Ne7 25. Rd1 g6 26. Red4 Nf5 27.
R4d3 Kg7 28. Kf3 b5 29. a4 a6 30. axb5 axb5 31. Rc3 Nd6 32. Rc6 f5 33. Rdc1 Ne4
34. R1c2 Kh6 35. g4 Nd6 36. h4 fxg4+ 37. Kxg4 Nf5 38. Rd2 Rf8 39. h5 Ne3+ 40.
Kh4 Rf4+ 41. Kg3 Rdf7 42. Bd1 Nf1+ 43. Kg2 Nxd2 0-1

[Event "II Weekend INPS"]
[Site "Roma ITA"]
[Date "1997.??.??"]
[Round "8"]
[White "Ramondino, Renzo"]
[Black "Ianniello, Riccardo"]
[Result "0-1"]
[WhiteElo "1600"]
[BlackElo "2300"]
[PlyCount "68"]
[EventDate "1997.??.??"]

1. e4 e6 2. d4 Ne7 3. Nf3 d5 4. e5 c5 5. c3 Nbc6 6. a3 cxd4 7. cxd4 Nf5 8. b4
Qb6 9. Bb2 Bd7 10. g4 Nh6 11. h3 Be7 12. Nbd2 O-O 13. Nb3 Rfc8 14. Bc3 Be8 15.
Nc5 Qc7 16. Qd2 b6 17. Na6 Nxe5 18. dxe5 Qxc3 19. Qxc3 Rxc3 20. Nd4 Rac8 21. f4
Bh4+ 22. Kd2 f6 23. Nc5 bxc5 24. Kxc3 cxd4+ 25. Kxd4 fxe5+ 26. fxe5 Bf2+ 27.
Kd3 Nf7 28. Bg2 Nxe5+ 29. Kd2 Bh4 30. Ra2 Bb5 31. Bf1 Bg5+ 32. Ke1 Rc1+ 33. Kf2
Bh4+ 34. Kg2 Bc6 0-1

[Event "II Weekend INPS"]
[Site "Roma ITA"]
[Date "1997.??.??"]
[Round "8"]
[White "Rovatti, Paolo"]
[Black "Trebeschi, Andrea"]
[Result "0-1"]
[WhiteElo "1714"]
[BlackElo "1660"]
[PlyCount "38"]
[EventDate "1997.??.??"]

1. d4 Nf6 2. Nf3 g6 3. Bg5 Bg7 4. e3 d6 5. Be2 O-O 6. O-O Nbd7 7. Nbd2 c5 8. c3
b6 9. Re1 Bb7 10. Nc4 Qc7 11. h3 Rfe8 12. Bf4 Qc6 13. b4 Ne4 14. Qb3 e5 15. Bh2
Ng5 16. dxc5 dxc5 17. Red1 Ne4 18. Rd3 Nxc3 19. Rxc3 e4 0-1

[Event "II Weekend INPS"]
[Site "Roma ITA"]
[Date "1997.??.??"]
[Round "8"]
[White "Siraco, Maurizio"]
[Black "Corvi, Marco"]
[Result "1/2-1/2"]
[WhiteElo "1911"]
[BlackElo "2260"]
[PlyCount "92"]
[EventDate "1997.??.??"]

1. e4 Nf6 2. e5 Nd5 3. d4 d6 4. Nf3 Bg4 5. Be2 e6 6. O-O Be7 7. c4 Nb6 8. Nc3
O-O 9. Be3 d5 10. c5 Bxf3 11. gxf3 Nc8 12. b4 Nc6 13. Rb1 Bh4 14. Kh1 N8e7 15.
b5 Na5 16. Rg1 Nf5 17. Qf1 g6 18. Bd3 Kh8 19. Bxf5 exf5 20. Bh6 Rg8 21. Qh3 Be7
22. Nd1 Nc4 23. Ne3 Qd7 24. Bg5 Bxg5 25. Rxg5 a6 26. b6 cxb6 27. cxb6 Nxe3 28.
fxe3 Rac8 29. Rg2 Rc6 30. Qh4 Qd8 31. Qe1 Qd7 32. Qa5 Rgc8 33. f4 Rc4 34. Qe1
Qd8 35. Rgb2 R8c6 36. Kg2 Kg7 37. Kf3 Qc8 38. Qh4 Qe6 39. Qd8 Rc8 40. Qh4 R8c6
41. Qg5 h6 42. Qh4 Qd7 43. Qe1 Qd8 44. Qg3 Re6 45. Qe1 Rec6 46. Qg3 Rc2 1/2-1/2

[Event "II Weekend INPS"]
[Site "Roma ITA"]
[Date "1997.??.??"]
[Round "8"]
[White "Vallifuoco, Giovanni"]
[Black "Montecchi, Ugo"]
[Result "1/2-1/2"]
[WhiteElo "2255"]
[BlackElo "1833"]
[PlyCount "41"]
[EventDate "1997.??.??"]

1. d4 Nf6 2. c4 e5 3. dxe5 Ne4 4. Nd2 Bb4 5. a3 Bxd2+ 6. Bxd2 Nxd2 7. Qxd2 Nc6
8. Nf3 Qe7 9. e3 Nxe5 10. Be2 d6 11. O-O O-O 12. Rac1 Bf5 13. c5 dxc5 14. Qd5
Nxf3+ 15. Bxf3 Bc8 16. Rfd1 c6 17. Qxc5 Qxc5 18. Rxc5 Be6 19. Rc3 Rfd8 20. Rcd3
Rxd3 21. Rxd3 1/2-1/2

[Event "II Weekend INPS"]
[Site "Roma ITA"]
[Date "1997.??.??"]
[Round "8"]
[White "Vannelli, Vittorio"]
[Black "Campagna, Maurizio"]
[Result "1-0"]
[WhiteElo "1636"]
[BlackElo "1573"]
[PlyCount "55"]
[EventDate "1997.??.??"]

1. e4 c6 2. d4 d5 3. Nc3 dxe4 4. Nxe4 Nd7 5. Nf3 Ngf6 6. Bd3 Nxe4 7. Bxe4 Nf6
8. Bd3 Bg4 9. c3 Qc7 10. O-O e6 11. Re1 Bd6 12. h3 Bh5 13. c4 O-O 14. Bg5 Be7
15. Re5 Bg6 16. Bxg6 hxg6 17. Qc2 Bd6 18. Bxf6 gxf6 19. Re4 Kg7 20. c5 Be7 21.
Rae1 Rfd8 22. Rg4 Qa5 23. Rxe6 Rd7 24. Nh4 Qxa2 25. Rxg6+ Kf8 26. Rh6 Qa1+ 27.
Kh2 Bd6+ 28. Rxd6 1-0

[Event "II Weekend INPS"]
[Site "Roma ITA"]
[Date "1997.??.??"]
[Round "8"]
[White "Verrascina, Nicola"]
[Black "Chiaretti, Roberto"]
[Result "1/2-1/2"]
[WhiteElo "2145"]
[BlackElo "2150"]
[PlyCount "105"]
[EventDate "1997.??.??"]

1. e4 e6 2. d3 d5 3. Nd2 Nf6 4. Ngf3 Nc6 5. g3 dxe4 6. dxe4 Bc5 7. Bg2 e5 8.
O-O O-O 9. Qe2 a5 10. Nb3 Bd6 11. Bg5 h6 12. Bxf6 Qxf6 13. c3 b6 14. Qc2 Ba6
15. Rfd1 Nd8 16. Nbd2 Ne6 17. Nf1 Bc5 18. Rd2 Rfd8 19. Rad1 Rxd2 20. Rxd2 Rd8
21. a3 Ng5 22. Rxd8+ Qxd8 23. Nxe5 Qd6 24. Ng4 Bd3 25. Qd1 Bxe4 26. Qxd6 Bxd6
27. Nd2 Bxg2 28. Kxg2 Kf8 29. Ne3 g6 30. Nd5 Ke8 31. f4 Ne6 32. Ne4 Bf8 33. Kf3
f5 34. Nd2 Kd7 35. Nc4 Kc6 36. Nde3 Bg7 37. g4 fxg4+ 38. Nxg4 Kb5 39. Nce5 h5
40. Nf2 Ka4 41. Nxg6 Kb3 42. Nd1 Kc2 43. Ke2 Nc5 44. Ne5 Na4 45. Nc4 Kb3 46.
Nd2+ Kc2 47. Nc4 b5 48. Nde3+ Kb3 49. Nxa5+ Kxb2 50. c4 Kxa3 51. cxb5 Kb4 52.
Nc6+ Kxb5 53. Ne5 1/2-1/2

[Event "II Weekend INPS"]
[Site "Roma ITA"]
[Date "1997.??.??"]
[Round "8"]
[White "Vigile, Matteo"]
[Black "Gardon, Ermanno"]
[Result "0-1"]
[WhiteElo "1771"]
[BlackElo "1722"]
[PlyCount "146"]
[EventDate "1997.??.??"]

1. e4 e6 2. d4 c5 3. c3 d5 4. Nd2 Nc6 5. Bb5 Qb6 6. Bxc6+ bxc6 7. Ne2 Ba6 8.
exd5 cxd5 9. Nf3 Nf6 10. Qc2 Be7 11. Be3 Ne4 12. O-O Qb5 13. Ng3 Qd3 14. Qxd3
Bxd3 15. Rfd1 c4 16. Ne5 Nxg3 17. fxg3 Be4 18. b3 cxb3 19. axb3 Bc2 20. Rdc1
Bxb3 21. Rcb1 Bc2 22. Rb2 Bg6 23. Rba2 Bd6 24. Rxa7 Rc8 25. Nxg6 hxg6 26. Bf4
Be7 27. Rb7 Bf6 28. Bd6 Rd8 29. Bc5 Rd7 30. Ra8+ Bd8 31. Rbb8 f6 32. h3 Kf7 33.
Kf2 Re8 34. Kf3 e5 35. dxe5 fxe5 36. Bb6 e4+ 37. Ke2 Bxb6 38. Rxe8 Rc7 39. Rac8
Ra7 40. Rf8+ Ke7 41. Ra8 Rc7 42. Rfc8 Rd7 43. Rc6 Bc7 44. Ra7 Be5 45. Raa6 Kf7
46. g4 g5 47. Ra5 Bf4 48. Ra1 Rb7 49. Rd1 Rb2+ 50. Kf1 Bg3 51. Rxd5 e3 52. Rd7+
Ke8 53. Re6+ Kxd7 54. Rxe3 Rb1+ 55. Ke2 Re1+ 56. Kd2 Rxe3 57. Kxe3 Be5 58. c4
Ke6 59. Kf3 Bd6 60. g3 Be7 61. Ke4 g6 62. Kd4 Bf6+ 63. Kc5 Be5 64. h4 Bxg3 65.
hxg5 Ke5 66. Kc6 Kf4 67. Kd6 Kxg4+ 68. Ke6 Kxg5 69. c5 Kh4 70. Kf6 g5 71. Kf5
g4 72. Ke4 Kh3 73. c6 Bc7 0-1

[Event "Weekend Vitinia"]
[Site "Roma ITA"]
[Date "1997.11.??"]
[Round "1"]
[White "Abuhamdieh, Arafat"]
[Black "Scagliarini, Bruno"]
[Result "0-1"]
[WhiteElo "1294"]
[BlackElo "1974"]
[PlyCount "112"]
[EventDate "1997.11.??"]

1. e4 e6 2. d4 d5 3. exd5 exd5 4. Bd3 Nc6 5. c3 Bd6 6. Nf3 Nge7 7. O-O Bg4 8.
Re1 Qd7 9. a4 h6 10. h3 Bh5 11. b4 O-O 12. Nbd2 Rae8 13. Ba3 Bg6 14. Nb3 Bxd3
15. Qxd3 b6 16. b5 Nd8 17. Bxd6 cxd6 18. Ra2 Ne6 19. g3 Rc8 20. Kh2 Ng6 21. Ng1
Ng5 22. Nd2 Rfe8 23. Rxe8+ Rxe8 24. h4 Ne4 25. f3 Nf6 26. Ne2 Qe6 27. Nf1 Nh5
28. Ng1 Qf6 29. Re2 Rc8 30. Nh3 Qd8 31. f4 Nf6 32. Nd2 Qc7 33. Nb1 Ne4 34. Rc2
Qc4 35. Qxc4 Rxc4 36. Ra2 Nxc3 37. Nxc3 Rxc3 38. h5 Ne7 39. Nf2 Nf5 40. g4 Nxd4
41. a5 Nxb5 42. axb6 axb6 43. Rb2 Nd4 44. Rxb6 Rc2 45. Kg3 Ne2+ 46. Kf3 Nxf4
47. Rxd6 Rc4 48. Rd8+ Kh7 49. Nd1 Rd4 50. Ne3 Ne6 51. Rxd5 Ng5+ 52. Kg3 Ra4 53.
Nf5 Ra3+ 54. Kf4 Rf3+ 55. Ke5 Rf1 56. Rd7 Re1+ 0-1

[Event "Weekend Vitinia"]
[Site "Roma ITA"]
[Date "1997.11.??"]
[Round "1"]
[White "Barro, Carlo"]
[Black "Sternini, Cristiano"]
[Result "1-0"]
[WhiteElo "1747"]
[BlackElo "1582"]
[PlyCount "69"]
[EventDate "1997.11.??"]

1. Nf3 c5 2. g3 d6 3. Bg2 Nf6 4. d3 g6 5. Nbd2 Bg7 6. O-O O-O 7. a4 Nc6 8. Re1
Qc7 9. h3 Bd7 10. c3 Rfe8 11. e4 a6 12. Nc4 b5 13. axb5 axb5 14. Rxa8 Rxa8 15.
Ne3 e6 16. Nc2 Ra4 17. Na3 Qb8 18. Nc4 Na7 19. Nxd6 Qxd6 20. e5 Qc7 21. exf6
Bxf6 22. Bf4 Qa5 23. Ne5 Bxe5 24. Bxe5 Bc6 25. Qd2 Qd8 26. b3 Ra6 27. Qf4 Bxg2
28. Kxg2 Ra3 29. Bf6 Qc8 30. h4 Nc6 31. Qc1 Ra2 32. h5 Qf8 33. Qe3 Nb8 34. hxg6
h5 35. g7 1-0